Referat učebnika P. Samuelsona i V. Nordchausa "Ekonomiks".
Kapitola 39. Protekcionistické tarify, kvóty a slobodný obchod. Kapitola 40. Valutové kurzy a medzinárodný finančný systém: Mechanizmus valutových operácií a medzinárodný obchod. Makroekonomika otvorenej ekonomiky. Rozpad a prestavba medzinárodného systému. Aktuálne medzinárodné ekonomické problémy....
Enregistré dans:
| Format: | Chapitre de livre |
|---|---|
| Langue: | russe |
| Sujets: | |
| Tags: |
Pas de tags, Soyez le premier à ajouter un tag!
|
MARC
| LEADER | 00000naa a2200000 4500 | ||
|---|---|---|---|
| 001 | r002175 | ||
| 005 | 20220819194607.0 | ||
| 041 | 0 | |a rus | |
| 044 | |a [SU] | ||
| 245 | 1 | 0 | |a Referat učebnika P. Samuelsona i V. Nordchausa "Ekonomiks". |
| 520 | |a Kapitola 39. Protekcionistické tarify, kvóty a slobodný obchod. Kapitola 40. Valutové kurzy a medzinárodný finančný systém: Mechanizmus valutových operácií a medzinárodný obchod. Makroekonomika otvorenej ekonomiky. Rozpad a prestavba medzinárodného systému. Aktuálne medzinárodné ekonomické problémy. Záver. | ||
| 610 | 2 | 0 | |a učebnice |
| 610 | 2 | 0 | |a Samuelson, P.A. |
| 610 | 2 | 0 | |a Nordhaus, V. |
| 610 | 2 | 0 | |a tarify |
| 610 | 2 | 0 | |a obchod medzinárodný |
| 610 | 2 | 0 | |a kurz valutový |
| 610 | 2 | 0 | |a systém menový medzinárodný |
| 610 | 2 | 0 | |a operácie bankové |
| 610 | 2 | 0 | |a makroekonomika |
| 610 | 2 | 0 | |a protekcionizmus |
| 610 | 2 | 0 | |a ekonómia |